The Suggestibility of children's recollections
Αποθηκεύτηκε σε:
| Συγγραφή απο Οργανισμό/Αρχή: | |
|---|---|
| Άλλοι συγγραφείς: | |
| Μορφή: | Βιβλίο |
| Γλώσσα: | English |
| Δημοσίευση: |
Washington, DC : Hyattsville, MD :
American Psychological Association ; , Copies from APA Order Dept.,
c1991
|
| Έκδοση: | 1st ed. |
| Θέματα: | |
| Ετικέτες: |
Προσθήκη ετικέτας
Δεν υπάρχουν, Καταχωρήστε ετικέτα πρώτοι!
|
MARC
| LEADER | 00000nam a2200000 i 4500 | ||
|---|---|---|---|
| 001 | 1/88712 | ||
| 008 | 981113s1991 eng d | ||
| 020 | |a 1-55798-118-3 | ||
| 035 | |l 10035569 | ||
| 035 | |a 1993 |b 3 |c Πολεμικός | ||
| 040 | |a GR-MY-UA |b gre |e aacr | ||
| 041 | 0 | |a eng | |
| 082 | 0 | |a 347.73066083 |2 (20) | |
| 245 | 1 | 4 | |a The Suggestibility of children's recollections / |c edited by John Doris |
| 250 | |a 1st ed. | ||
| 260 | |a Washington, DC : |a Hyattsville, MD : |b American Psychological Association ; , |b Copies from APA Order Dept., |c c1991 | ||
| 300 | |a xiii, 193 p.; |c 24 cm | ||
| 500 | |a Cover has subtitle: Implications for eyewitness testimony | ||
| 500 | |a Proceedings of the Cornell Conference on the Suggestibility of Children's Recollections, held June 1989 at Cornell University | ||
| 504 | |a Περιέχει βιβλιογραφικές παραπομπές και ευρετήριο | ||
| 650 | 0 | 0 | |a Child witnesses |z United States |x Congresses. |
| 650 | 0 | 0 | |a Child abuse |x Law and legislation |z United States |x Congresses. |
| 650 | 0 | 0 | |a Psychology, Forensic |x Congresses. |
| 700 | 1 | |a Doris, John |d 1923- |4 edt | |
| 710 | 2 | |a Cornell Conference on the Suggestibility of Children's Recollections. | |
| 852 | |a INST |b RHODES |e 19981113 |h 347.73066083 SUG |p 005400008401 |q 005400008401 |t BK |y 0 | ||
| 852 | |a INST |b RHODES |e 19990506 |h 347.73066083 SUG |p 005400011785 |q 005400011785 |t BK |y 0 | ||
| 909 | |a Ρ |b 028674 |c 1993 | ||
| 909 | |a Ρ |b 065317 |c 1999 | ||
| 922 | |a 4ΕΛΗ |b 199903 | ||